| 000 | 00817cam a22002657a 4500 | ||
|---|---|---|---|
| 003 | CHAP | ||
| 005 | 20220329134152.0 | ||
| 008 | 971013s r 00010 d | ||
| 010 | _a16454 | ||
| 011 | _a17426 | ||
| 035 | _a21509 | ||
| 040 | _cCHAP | ||
| 090 | _aR-2 | ||
| 100 | 0 | 0 |
_aHopkins, Cyril G. _956198 |
| 245 | 1 | 4 | _aThe structure of the karnel and the composition of its differents parts. |
| 500 | _aSobretiro de : Univ. Ill. Agric. Exp. Sta. Bull. 87:77-112, 1903 | ||
| 590 |
_aBATCH-UPD _b10 _c20130110 _lUCH01 _h2156 |
||
| 590 |
_aBATCH-UPD _b10 _c20130410 _lUCH01 _h1504 |
||
| 590 |
_aBATCH-UPD _b10 _c20130914 _lUCH01 _h1643 |
||
| 590 |
_aCONVERSION _b10 _c20130109 _lUCH01 _h1310 |
||
| 650 | 1 | 4 |
_aMaíz _xAnatomía. _970860 |
| 901 | _aBK | ||
| 942 | _cREIMP | ||
| 949 |
_aR-2 _bBC _cR _d-50095 _eTS1 _i21509 _si |
||
| 999 |
_c16454 _d16454 |
||